Debut Year of These Superheroes #1 - Statistics

General Stats
  • This quiz has been taken 3 times
  • The average score is 4 of 15
Answer Stats
Hint Answer % Correct
Superman 1938
100%
Batman 1939
67%
Spider-Man (Peter Parker) 1962
67%
The Flash (Jay Garrick) 1940
33%
Wonder Woman 1941
33%
The Flash (Barry Allen) 1956
33%
Green Lantern (Hal Jordan) 1959
33%
NIghtcrawler 1975
33%
Cyborg 1980
33%
Black Widow 1964
0%
Beast Boy 1965
0%
Black Panther 1966
0%
Sunfire 1970
0%
Wolverine 1974
0%
Nightwing 1984
0%
No matching quizzes found
Score Distribution
Percent of People with Each Score
Percentile by Number Answered
Your Score History
You have not taken this quiz